[Event "N�-LL 2006/07"]
[Site "?"]
[Date "2007.04.22"]
[Round "11"]
[White "Sekyra, Michael"]
[Black "Weinzettl, Ernst"]
[Result "0-1"]
[WhiteElo "2113"]
[BlackElo "2327"]
[Annotator "P�chlarn : St.P�lten"]
[PlyCount "116"]
[EventDate "2007.05.18"]
[SourceDate "2007.05.18"]

1. e4 e6 2. d4 d5 3. Nc3 Nf6 4. e5 Nfd7 5. f4 c5 6. Nf3 Nc6 7. Be3 Qb6 8. Na4
Qa5+ 9. c3 cxd4 10. b4 Qc7 11. Nxd4 Nxd4 12. Bxd4 Nb8 13. Nc5 b6 14. Bb5+ Nc6
15. Nb3 Bd7 16. Qd3 Be7 17. O-O O-O 18. Rf3 Nxd4 19. Nxd4 Bxb5 20. Nxb5 Qc4 21.
Qxc4 dxc4 22. Rff1 Rfd8 23. Rfd1 a6 24. Nd4 Rac8 25. Kf2 Rd5 26. Ke2 Kf8 27.
Nc2 Rxd1 28. Rxd1 Ke8 29. Nd4 b5 30. a3 h5 31. Ke3 Rd8 32. Rd2 g5 33. g3 gxf4+
34. gxf4 Bh4 35. Rd1 f6 36. Rg1 Kf7 37. exf6 Bxf6 38. Rg3 Rd5 39. Ke4 h4 40.
Rg4 Rd8 41. Ke3 Bxd4+ 42. cxd4 Rc8 43. Kd2 Rg8 44. Rxh4 Rg2+ 45. Kc1 Kg6 46. a4
Kf5 47. axb5 axb5 48. Rh5+ Ke4 49. Rxb5 c3 50. Rc5 Kd3 51. Kb1 Rg1+ 52. Ka2 c2
53. d5 exd5 54. Rxd5+ Ke4 55. Rc5 c1=Q 56. Rxc1 Rxc1 57. Kb3 Kd4 58. h4 Rb1+
0-1

[Event "N�-LL 2006/07"]
[Site "?"]
[Date "2007.04.22"]
[Round "11"]
[White "Schorn, Christoph"]
[Black "Todor, Razvan"]
[Result "1/2-1/2"]
[WhiteElo "2154"]
[BlackElo "2152"]
[Annotator "Mauerbach : Wr.Neustadt"]
[PlyCount "61"]
[EventDate "2007.05.18"]
[SourceDate "2007.05.18"]

1. e4 d5 2. exd5 Qxd5 3. Nc3 Qa5 4. d4 Nf6 5. Bc4 c6 6. Nf3 Bf5 7. O-O e6 8.
Re1 Bb4 9. Bd2 O-O 10. a3 Bxc3 11. Bxc3 Qc7 12. b4 Nbd7 13. Bb2 Rad8 14. Qe2
Bg4 15. h3 Bh5 16. g3 Nb6 17. Bb3 Rfe8 18. c4 Nc8 19. g4 Bg6 20. Ne5 Nd7 21. f4
Nxe5 22. fxe5 Qe7 23. Rad1 Nb6 24. Qf2 h5 25. Kg2 Nd7 26. Qf3 Nf8 27. Bc1 Qh4
28. Qg3 Qxg3+ 29. Kxg3 Nh7 30. Bf4 Rd7 31. Be3 1/2-1/2

[Event "N�-LL 2006/07"]
[Site "?"]
[Date "2007.04.22"]
[Round "11"]
[White "Bechmann, Gerhard"]
[Black "Posch, Werner"]
[Result "1/2-1/2"]
[WhiteElo "2087"]
[BlackElo "2262"]
[Annotator "Mauerbach : Wr.Neustadt"]
[PlyCount "89"]
[EventDate "2007.05.18"]
[SourceDate "2007.05.18"]

1. e4 Nf6 2. e5 Nd5 3. Nc3 Nxc3 4. dxc3 d5 5. Nf3 c5 6. Be3 e6 7. g4 Nc6 8. Qd2
Qc7 9. Bf4 Bd7 10. Bg2 O-O-O 11. O-O h5 12. h3 hxg4 13. hxg4 Be7 14. Rfe1 d4
15. c4 Na5 16. Qd3 Bc6 17. Nd2 Rh4 18. f3 Rdh8 19. Ne4 Bxe4 20. Rxe4 Nc6 21. a3
Qd8 22. Re2 Bg5 23. Qd2 Bxf4 24. Qxf4 Qg8 25. Qe4 Qh7 26. Qxh7 R8xh7 27. Kf2 a5
28. Kg3 g5 29. f4 gxf4+ 30. Kxf4 Kc7 31. Be4 Rg7 32. Rg1 a4 33. Rd2 Rh3 34. Re2
Na5 35. Bd3 Nc6 36. Be4 Na5 37. Bd3 Kd7 38. Reg2 Rh4 39. Rb1 Rh3 40. Rg3 Rh2
41. b4 axb3 42. cxb3 Rf2+ 43. Rf3 Rg2 44. Rg3 Rf2+ 45. Rf3 1/2-1/2

[Event "N�-LL 2006/07"]
[Site "?"]
[Date "2007.04.22"]
[Round "11"]
[White "Steiner, Bruno"]
[Black "Thoma, Wilhelm"]
[Result "1-0"]
[WhiteElo "2256"]
[BlackElo "2156"]
[Annotator "Mauerbach : Wr.Neustadt"]
[PlyCount "89"]
[EventDate "2007.05.18"]
[SourceDate "2007.05.18"]

1. d4 d5 2. Bf4 Nf6 3. e3 c6 4. Nf3 Bg4 5. Nbd2 Nbd7 6. h3 Bh5 7. c4 e6 8. Qb3
Qb6 9. c5 Qxb3 10. axb3 Be7 11. b4 O-O 12. b5 cxb5 13. Bxb5 a6 14. Be2 Nb8 15.
g4 Bg6 16. Ne5 Bc2 17. O-O h6 18. Rfc1 Bh7 19. Nb3 g5 20. Bh2 Ne8 21. Na5 f6
22. Nd3 Bd8 23. Nxb7 Bc7 24. Nd6 Nc6 25. Rc3 a5 26. Bd1 Ra6 27. Be2 Ra8 28. Nc1
Rb8 29. b3 Rd8 30. Bb5 Bxd6 31. Bxc6 Bxh2+ 32. Kxh2 f5 33. gxf5 Rxf5 34. Kg1
Nf6 35. Rxa5 Ne4 36. Rc2 Rdf8 37. Ra8 Bg6 38. Rxf8+ Rxf8 39. Bd7 Kf7 40. Ra2
Ke7 41. Bb5 Rf6 42. Ra7+ Kd8 43. Nd3 Nc3 44. Ba6 Be4 45. c6 1-0